00679nam a22002177a 450000500170000001000110001702000100002803500110003803700160004904000120006508200150007710000270009224501250011924600060024426000440025027000510029430000250034550000510037065000180042165000220043920170124105950.0 a892590 c00.00 a892590 bCen Lib/Ret aDPLbEN a230.1bBHA aBattahcharji, Sukhmari aThe indian theogony :cby Sukumari Bhattacharjiba comparative study of indian mythology from the vedas to the puranas / b  bFirma KLM Private Ltd.c1978aCalcutta  bCalcutta a257 B, B.B. Ganguly Street e700012 axiii,395p.c20cm(Hb) aIncludes Bibliographical references and index. aHindu gods.  aHindu mythology.